WORD CONGRESS OF GASTROENTEROLOGY, BANGKOLS , FEB,-24-MARCH 1, 2002 (Record no. 5957)
[ view plain ]
| 000 -LEADER | |
|---|---|
| fixed length control field | 00236nmm a2200085Ia 4500 |
| 008 - FIXED-LENGTH DATA ELEMENTS--GENERAL INFORMATION | |
| fixed length control field | 150209s2015||||xx |||||||||||||||||und|| |
| 100 ## - MAIN ENTRY--PERSONAL NAME | |
| Personal name | W H O |
| 245 ## - TITLE STATEMENT | |
| Title | WORD CONGRESS OF GASTROENTEROLOGY, BANGKOLS , FEB,-24-MARCH 1, 2002 |
| 942 ## - ADDED ENTRY ELEMENTS (KOHA) | |
| Source of classification or shelving scheme | Dewey Decimal Classification |
| Koha item type | CDs & DVDs |
| Withdrawn status | Lost status | Source of classification or shelving scheme | Damaged status | Not for loan | Home library | Current library | Date acquired | SGTU | Total Checkouts | Barcode | Date last seen | Bill Date | Koha item type |
|---|---|---|---|---|---|---|---|---|---|---|---|---|---|
| Dewey Decimal Classification | SGT Medical Library | SGT Medical Library | 09/02/2015 | SGTU | MCD296 | 09/02/2015 | 09/02/2015 | CDs & DVDs |